Baseball Generator Puzzle - Statistics

General Stats
  • This quiz has been taken 228 times
    28 since last reset
  • The average score is 15 of 22
Answer Stats
Hint Answer % Correct
Pete Rose holds the all-time MLB record with 4,256 ____ Hits
100%
The top pitcher in a team's starting rotation is their ___ Ace
93%
Orioles Ironman who played in a MLB record 2,632 consecutive games: ___ Ripken, Jr. Cal
93%
Ricky Henderson was able to _____ more bases (1,406) than anyone in MLB history Steal
89%
On-Base Plus Slugging (OPS) is now a more popular ___ than Batting Average Stat
79%
7-time All-Star Chicago White Sox & Boston Red Sox pitcher (2012-2018): Chris ____ Sale
75%
Negro League legend who made his MLB debut at 42 years of age: _______ Paige Satchel
75%
Home stadium of the Arizona Diamondbacks: _____ Field Chase
71%
Home of the New York Mets 1964-2008: ____ Stadium Shea
71%
The uniforms for the 1990s expansion Florida Marlins & Arizona Diamondbacks both used this greenish-blue color Teal
71%
Detroit Tigers Hall of Fame right fielder, __ Kaline Al
68%
The 1919 Chicago "Black Sox" & the 2018 Houston Astros are two of the most infamous ______ in MLB history Cheats
68%
Since divisions were established in 1969, the San Diego Padres have finished ____ a record 17 times Last
68%
At 27, the New York Yankees have the most MLB ______ Titles
68%
Also known as spikes, these were infamously wielded by Ty Cobb in his takeout slides Cleats
64%
Hall of Fame reliever Rollie Fingers was known for his handlebar '_____ Stache
64%
There are 108______es on a regulation baseball Stitch
64%
505 MLB players have been born in South America, but none from this country Chile
61%
A majority of MLB bats are made from this tree species Ash
54%
9-Letter Answer ATHLETICS
50%
What holds a leather baseball glove together Laces
39%
Official scorekeeper for MLB: _____ Sports Bureau Elias
32%
No matching quizzes found
Score Distribution
Percent of People with Each Score
Percentile by Number Answered
Your Score History
You have not taken this quiz since the last reset